| 000 | 00972 a2200313 4500 | ||
|---|---|---|---|
| 999 |
_c200421050 _d36391 |
||
| 001 | 200421050 | ||
| 003 | TR-AnTOB | ||
| 005 | 20200612141122.0 | ||
| 008 | 150120e1976 tu 000 0 | ||
| 040 |
_aTR-AnTOB _beng _erda _cTR-AnTOB |
||
| 041 | _atur | ||
| 050 | 0 |
_aHD37.T8 _bH38 1976 |
|
| 090 | _aHD37.T8 H38 1976 | ||
| 100 | 1 |
_aHatiboğlu, Zeyyat _920765 |
|
| 245 | 1 | 0 |
_aOrganizasyon, personel davranışı ve yönetimi / _cZeyyat Hatiboğlu. |
| 264 | 1 |
_aİstanbul : _bAktif Büro Basım Organizasyon Yayınları, _c1976 |
|
| 300 |
_a243 pages ; _c20 cm. |
||
| 336 |
_atext _2rdacontent _btxt |
||
| 337 |
_aunmediated _2rdamedia _bn |
||
| 338 |
_avolume _2rdacarrier _bnc |
||
| 490 | 0 |
_aİşletme İktisadi ve Yönetimi ; _v1 |
|
| 504 | _aIncludes bibliographical references. | ||
| 650 | 7 |
_aOrganizasyon _2 _978748 |
|
| 650 | 0 |
_aManagement _9507 |
|
| 650 | 0 |
_aYönetim _955081 |
|
| 650 | 0 |
_aOrganization _9799 |
|
| 942 |
_cBK _2lcc |
||